S radosťou k úspechu Motivovať. Nadchnúť. Presvedčiť. Pracovná pomôcka k rozvoju osobnosti

Gespeichert in:
Bibliographische Detailangaben
1. Verfasser: Enkelmann, Nikolaus B.
Weitere Verfasser: Grúziková, Ildikó
Format: Buch
Sprache:Slowakisch
Veröffentlicht: Bratislava Corinex 1991
Ausgabe:1. vyd.
Schlagworte:
Tags: Tag hinzufügen
Keine Tags, Fügen Sie das erste Tag hinzu!

MARC

LEADER 00000nam a2200000 4500
001 c000525
005 20221214094803.7
020 |a 80-85199-09-2 
041 0 |a slo 
044 |a SK 
245 1 0 |a S radosťou k úspechu  |b Motivovať. Nadchnúť. Presvedčiť. Pracovná pomôcka k rozvoju osobnosti  |c Nikolaus B. Enkelmann ; Prekl. Ildikó Grúziková 
250 |a 1. vyd. 
264 1 |a Bratislava  |b Corinex  |c 1991 
300 |a 244 s. 
610 2 0 |a osobnosť 
610 2 0 |a vedomie spoločenské 
610 2 0 |a motivácia 
610 2 0 |a výchova 
610 2 0 |a psychológia 
610 2 0 |a vedomie ekonomické 
610 2 0 |a vzťahy medziľudské 
100 1 |a Enkelmann, Nikolaus B. 
700 1 |a Grúziková, Ildikó